000
00286nam a22001337a 4500
008
170807b xxu||||| |||| 00| 0 eng d
020
_a
x0009m8l5b
041
_a
eng
080
_a
004
100
_a
33
101
_a
SHKI
245
_a
DREAMWEAVER CS4
_c
MCFARLAD, D.S
942
_2
udc
_c
BK
999
_c
22761
_d
22761